Normal view
MARC view
- Mexican Americans
Entry Topical Term
001 - CONTROL NUMBER
- control field: 97269
003 - CONTROL NUMBER IDENTIFIER
- control field: NUST
005 - DATE AND TIME OF LATEST TRANSACTION
- control field: 20220815165623.0
008 - FIXED-LENGTH DATA ELEMENTS
- fixed length control field: 220815|| aca||aabn | a|a d
040 ## - CATALOGING SOURCE
- Original cataloging agency: NUST
- Transcribing agency: NUST
150 ## - HEADING--TOPICAL TERM
- Topical term or geographic name entry element: Mexican Americans
- General subdivision: Economic conditions
670 ## - SOURCE DATA FOUND
- Source citation: Work cat.: (NUST)0: Davis, Joshua, 1974- 97265, Spare parts :
